[Event "CHI-chT"]
[Site "Santiago de Chile"]
[Date "2019.09.12"]
[Round "2.4"]
[White "Fuentes Tamayo, Julio"]
[Black "Seguel Bahamondes, Jaime"]
[Result "0-1"]
[WhiteElo "1446"]
[BlackElo "1920"]
[PlyCount "156"]
[EventDate "2019.09.05"]
[EventType "team-swiss"]
[EventRounds "9"]
[EventCountry "CHI"]
[SourceTitle "CBM 193 Extra"]
[Source "ChessBase"]
[SourceDate "2020.01.31"]
[SourceVersion "1"]
[SourceVersionDate "2020.01.31"]
[SourceQuality "1"]
[WhiteTeam "Chess Friends"]
[BlackTeam "Plaza de Armas CC III"]
[WhiteTeamCountry "CHI"]
[BlackTeamCountry "CHI"]

1. Nf3 d5 2. b3 c5 3. Bb2 Nc6 4. d3 Nf6 5. Nbd2 e6 6. e4 d4 7. Be2 Be7 8. 0-0 Qc7 9. Re1 0-0 10. Nc4 b5 11. Ncd2 Bb7 12. Bf1 a6 13. a4 Ng4 14. Qe2 e5 15. g3 Nb4 16. Rec1 Rae8 17. Bh3 Nf6 18. c3 Nc6 19. cxd4 exd4 20. Ba3 Qb6 21. Rc2 Bc8 22. Bg2 Nd7 23. Rac1 f6 24. Bh3 b4 25. Nc4 Qa7 26. Bb2 Nde5 27. Bxc8 Rxc8 28. Nfd2 Nxc4 29. Nxc4 Ne5 30. f4 Nxc4 31. Rxc4 Qd7 32. Qh5 Rfe8 33. Qd5+ Qxd5 34. exd5 Red8 35. Bxd4 Rxd5 36. Bf2 Rxd3 37. Bxc5 Bxc5+ 38. Rxc5 Rxc5 39. Rxc5 Rxb3 40. Ra5 Rb1+ 41. Kg2 b3 42. Rxa6 Rb2+ 43. Kh3 Ra2 44. Rb6 b2 45. a5 Kf7 46. Kg4 h5+ 47. Kh3 g5 48. fxg5 fxg5 49. a6 Kg7 50. a7 Rxa7 51. Rxb2 Ra6 52. Re2 Kg6 53. Re8 Ra2 54. g4 Ra3+ 55. Kg2 hxg4 56. Rf8 g3 57. hxg3 Kh5 58. Rf3 Ra4 59. Rf5 Kg4 60. Rf3 Ra2+ 61. Rf2 Ra3 62. Rf8 Rxg3+ 63. Kf2 Ra3 64. Kg2 Ra2+ 65. Kf1 Kg3 66. Ke1 g4 67. Kf1 Ra3 68. Ke2 Kh2 69. Rf2+ Kh3 70. Rf8 Kg3 71. Rf7 Rf3 72. Rg7 Rf8 73. Rd7 Kg2 74. Ke3 g3 75. Rd1 Kh2 76. Rd2+ g2 77. Ke4 Kh1 78. Rxg2 Kxg2 0-1